00451 2200181 4500001002100000005001500021008004100036020001800077035001900095041000700114082000800121090001400129100001800143245002800161260003000189300001800219650003200237INLIS00000000001989220241224115803241224||||||||| | ||| |||| || |  a979-534-236-3 0010-1224019892 aid0 a570 a570 JOH s0 aJinny Johnson00a100 Pengetahuan Tentang aBandungbPakar Rayac2007 a48hlm;21x30cm 0aIlmu-ilmu Tentang Kehidupan